| 000 | 00999cam a2200301 i 4500 | ||
|---|---|---|---|
| 999 |
_c200443433 _d61645 |
||
| 003 | TR-AnTOB | ||
| 005 | 20230809001352.0 | ||
| 007 | ta | ||
| 008 | 140214t20192004tu 0 tur d tu | ||
| 020 | _a9789751415851 | ||
| 040 |
_aTR-AnTOB _beng _erda _cTR-AnTOB |
||
| 041 | 0 | _atur | |
| 050 | 0 | 0 |
_aHD87 _b.E3574 2019 |
| 090 |
_aHD87 _b.E3574 2019 |
||
| 100 | 1 |
_aEğilmez, Ahmet Mahfi _d1950- _eauthor _9116669 |
|
| 245 | 1 | 0 |
_aEkonomi politikası : _bteori ve Türkiye uygulaması / _cDr. Mahfi Eğilmez, Dr. Ercan Kumcu. |
| 250 | _aYirmi beşinci basım: Mart 2019 | ||
| 264 | 1 |
_aİstanbul : _bRemzi Yayınevi, _c2019. |
|
| 300 |
_a342 pages : _btables, illustrations ; _c20 cm |
||
| 336 |
_atext _btxt _2rdacontent |
||
| 337 |
_aunmediated _bn _2rdamedia |
||
| 338 |
_avolume _bnc _2rdacarrier |
||
| 650 | 7 |
_aEkonomik kalkınma _zTürkiye _2etuturkob _965309 |
|
| 651 | 7 |
_aTürkiye _xEkonomi politikası _2 _911070 |
|
| 700 | 1 |
_aKumcu, Ercan _eauthor _99606 |
|
| 942 |
_cBK _2lcc |
||